Short Actors - Statistics

General Stats
  • This quiz has been taken 635 times
  • The average score is 14 of 24
Answer Stats
Hint Height Answer % Correct
Marty McFly, "Back to the Future" 5' 4" Michael J. Fox
85%
Director of "E.T."; "Jurassic Park" 5' 7" Steven Spielberg
82%
Harry Potter 5' 5" Daniel Radcliffe
81%
The rain man in "Rain Man" 5' 5" Dustin Hoffman
81%
Louie DePalma on "Taxi" 5' 0" Danny DeVito
80%
Partnered with Art Garfunkel 5' 3" Paul Simon
80%
Purple Rain 5' 2" Prince
80%
Michael Corleone, Tony Montana 5' 7" Al Pacino
76%
Director of "Psycho"; "Vertigo" 5' 7" Alfred Hitchcock
72%
Frodo Baggins 5' 6" Elijah Wood
67%
Tommy DeVito in "Goodfellas" 5' 4" Joe Pesci
59%
The Fonz 5' 6" Henry Winkler
57%
Black member of the Rat Pack 5' 5" Sammie Davis, Jr.
54%
"Singing in the Rain" 5' 7" Gene Kelly
50%
President Bartlet, "The West Wing" 5' 7" Martin Sheen
49%
Wrote & sang "Blowin' in the Wind" 5' 7" Bob Dylan
46%
Detective Columbo 5' 6" Peter Falk
44%
Director, "Do the Right Thing" 5' 6" Spike Lee
44%
George Costanza 5' 4" Jason Alexander
40%
Mr. Holland, without the opus 5' 5" Richard Dreyfuss
35%
Mentored "The Karate Kid" 5' 3" Noriyuki "Pat" Morita
32%
Louis Tully in "Ghostbusters" 5' 4" Rick Moranis
31%
Director, "Goodfellas" 5' 4" Martin Scorcese
30%
Creator, "The Twilight Zone" 5' 4" Rod Serling
18%
No matching quizzes found
Score Distribution
Percent of People with Each Score
Percentile by Number Answered
Your Score History
You have not taken this quiz